000 00388nam a2200157Ia 4500
003 GCL
008 140319s9999 xx 000 0 eng d
040 _aGCL /
_cGCL
082 0 4 _a530.41
_bB E
100 1 _aBUBE, RICHARD H.
245 1 0 _aELECTRONS IN SOLIDS 3rd ed /
_cBUBE, RICHARD H.
300 _a329 PP
650 0 4 _aELECTRONICS
650 0 4 _aSOLID STATE PHYSICS
942 _2ddc
_cBK
999 _c20399
_d20399